000 00278nam a2200121Ia 4500
008 190216s9999||||xx |||||||||||||| ||und||
100 _aWatson E V
245 0 _aStructure And Life Of Bryophytas
260 _bHutchinson
_c1964
300 _a191p
650 _aBotany
942 _cBK
999 _c1205
_d1205